000 00640nam a2200205Ii 4500
003 JO-AjNU
008 230605s9999||||xx |||||||||||||| ||und||
040 _aJO-AjNU
_bara
_erda
_cJO-AjNU
041 _aara
050 1 4 _aBP.144.A8364 1982
100 3 _aالأشقر، عمر سليمان,
_eauthor
_937288
245 0 0 _aتاريخ الفقه الإسلامي
250 _aط1
264 3 1 _aالكويت: مكتبة الفلاح، 1982
300 _a247ص
336 _atext
_btxt
_2rdacontent
337 _aunmediated
_bn
_2rdamedia
338 _avolume
_bnc
_2rdacarrier
650 4 _aالفقه الاسلامي- تاريخ
_937289
999 _aA15567
_c19135
_d19135